Information Technologies and Management in Higher Education and Sciences International Scientific Conference, November 28, 2022, Fergana, the Republic of Uzbekistan

Guardado en:
Detalles Bibliográficos
Autor Corporativo: Information Technologies and Management in Higher Education and Sciences. International Scientific Conference
Formato: Libro
Lenguaje:inglés
letón
kazajo
ruso
ucraniano
Publicado: Riga Baltija Publishing 2022
Edición:1st Edition
Materias:
Etiquetas: Agregar Etiqueta
Sin Etiquetas, Sea el primero en etiquetar este registro!

MARC

LEADER 00000nlm a2200000 4500
001 0291252
005 20230317104341.0
020 |a 978-9934-26-277-7 
041 0 |a eng 
041 0 |a lav 
041 0 |a kaz 
041 0 |a rus 
041 0 |a ukr 
044 |a LV 
245 1 0 |a Information Technologies and Management in Higher Education and Sciences  |b International Scientific Conference, November 28, 2022, Fergana, the Republic of Uzbekistan 
250 |a 1st Edition 
264 1 |a Riga  |b Baltija Publishing  |c 2022 
300 |a 391 s. 
610 2 0 |a technológie informačné 
610 2 0 |a manažment informačný 
610 2 0 |a vzdelávanie vysokoškolské 
610 2 0 |a vzdelávanie ďalšie 
610 2 0 |a veda 
110 2 |a Information Technologies and Management in Higher Education and Sciences. International Scientific Conference